Library of the University of Algiers 3
Ibrahim Sultan Cheibout
شعار جامعة الجزائر 3
مكتبة جامعة الجزائر 3
إبراهيم سلطان شيبوط

الطريق الى احتراف SQL SERVER / (رقم التسجيلة. 45539)

تفاصيل مارك
000 -LEADER
fixed length control field 01214nam a2200253Ia 4500
003 - CONTROL NUMBER IDENTIFIER
control field Ost
005 - DATE AND TIME OF LATEST TRANSACTION
control field 20260507075648.0
008 - FIXED-LENGTH DATA ELEMENTS--GENERAL INFORMATION
fixed length control field 260507s9999||||xx |||||||||||||| ||und||
020 ## - INTERNATIONAL STANDARD BOOK NUMBER
International Standard Book Number 1393207977
040 ## - CATALOGING SOURCE
Transcribing agency fsecg
041 ## - LANGUAGE CODE
Language code of text/sound track or separate title ara
082 ## - DEWEY DECIMAL CLASSIFICATION NUMBER
Classification number 5.7585
100 ## - MAIN ENTRY--PERSONAL NAME
Personal name عبد النبي، هاني
Relator term مؤلف
245 #0 - TITLE STATEMENT
Title الطريق الى احتراف SQL SERVER /
Statement of responsibility, etc. هاني عبد النبي
260 ## - PUBLICATION, DISTRIBUTION, ETC.
Place of publication, distribution, etc. القاهرة:
Name of publisher, distributor, etc. دار الكتب العلمية للنشر والتوزيع,
Date of publication, distribution, etc. 2004
300 ## - PHYSICAL DESCRIPTION
Extent 416 صفحة؛
Other physical details إيضاحات ؛
Dimensions 24 سم
520 ## - SUMMARY, ETC.
Summary, etc. مقدمة عن قواعد البيانات- جملة DATA SELECT- استخدمات متقدمة للأمرSELECT- انشاء عناصر قاعدة البيانات- التعامل مع البيانات- انشاء عناصر بيانات أخرى- التحكم في صلاحيات المستخدمين- الإجراءات الأحداث- تطبيق على قاعدة البيانات SQLباستخدام visual basic .
653 ## - INDEX TERM--UNCONTROLLED
Uncontrolled term الإعلام الألي
653 ## - INDEX TERM--UNCONTROLLED
Uncontrolled term البرمجيات
653 ## - INDEX TERM--UNCONTROLLED
Uncontrolled term الحاسوب
653 ## - INDEX TERM--UNCONTROLLED
Uncontrolled term SQL SERVER
700 ## - ADDED ENTRY--PERSONAL NAME
Personal name عزب، عزب محمد
Relator term مؤلف ثانوي
942 ## - ADDED ENTRY ELEMENTS (KOHA)
Koha item type كتب
المقتنيات
Withdrawn status Lost status Source of classification or shelving scheme Damaged status Not for loan Home library Current library Date acquired Serial enumeration / chronology Inventory number Total checkouts Full call number Barcode Date last seen Price effective from Koha item type
    Library of Congress Classification   NOT LOAN / إعارة داخلية مكتبة كلية العلوم الإقتصادية والعلوم التجارية وعلوم التسيير مكتبة كلية العلوم الإقتصادية والعلوم التجارية وعلوم التسيير 07/05/2026 الطابق الأرضي 1671/1   أ/1671ن1 1671/1 07/05/2026 07/05/2026 كتب
    Dewey Decimal Classification   Available مكتبة كلية العلوم الإقتصادية والعلوم التجارية وعلوم التسيير مكتبة كلية العلوم الإقتصادية والعلوم التجارية وعلوم التسيير 07/05/2026 الطابق الأرضي 1671/2   أ/1671ن2 1671/2 07/05/2026 07/05/2026 كتب
    Dewey Decimal Classification   Available مكتبة كلية العلوم الإقتصادية والعلوم التجارية وعلوم التسيير مكتبة كلية العلوم الإقتصادية والعلوم التجارية وعلوم التسيير 07/05/2026 الطابق الثاني 1671/3   أ/1671ن3 1671/3 07/05/2026 07/05/2026 كتب
    Dewey Decimal Classification   Available مكتبة كلية العلوم الإقتصادية والعلوم التجارية وعلوم التسيير مكتبة كلية العلوم الإقتصادية والعلوم التجارية وعلوم التسيير 07/05/2026 الطابق الثاني 1671/4   أ/1671ن4 1671/4 07/05/2026 07/05/2026 كتب

موارد الويب المفتوحة


© University of Algiers 3 All Rights Reserved
|
Implemented by LECHELAH Riad